000 01200nam0a22003131 4500
001 rc\4403379
005 20250612073122.0
021 _aRU
_b[65-88974]
035 _a(NLR Aleph) 008560207
090 _a8460940
_c8460940
100 _a20130416d1965 |||y0rusy50 ca
101 0 _arus
102 _aRU
105 _aa z |||||
200 1 _aПрактический курс перевода научно-технической литературы
_e(Английский яз.)
210 _aМосква
_cВоениздат
_d1965
215 _a494 с.
_cчерт.
_d22
300 _aПеред загл. авт.: С.Я. Докштейн, Е.А. Макарова, С.С. Радоминова
606 _aТехническая литература
_xПереводы
_2psbo
606 _aНаучная литература
_xПереводы
_2psbo
606 _aАнглийский язык
_xПереводы
_2psbo
700 1 _aДокштейн
_bС.Я.
_gСарра Яковлевна
701 1 _aРадоминова
_bС.С.
701 1 _aМакарова
_bЕ.А.
801 0 _aRU
_bNLR
_gpsbo
801 1 _aRU
_bELAR
_2rusmarc
852 _aNLR
_j65-5/5491
942 _cBOOK
980 _aNB